{"text_format":"1","workbook":"xlsx","n_sheets":1,"sheets":["Лист5"],"not_rendered":{"charts":0,"images":0,"macros":0,"external_links":0,"defined_names":2,"comments":0,"pivot_tables":0},"unopened":[],"bounds":{"document_bytes":16777216,"sheet_cells":100000,"rows_first":2000,"rows_last":500,"rows_between":2000,"halvings":0,"cell_chars":16384,"cell_head_chars":4096},"cells_cut":0,"cells_raw":0,"read":"whole","date_system":"1900"}

{"sheet":"Лист5","index":0,"n_rows":109,"n_cols":12,"rows_kept":109,"cut":false,"hidden":false,"merged":[[7,1,108,1],[4,0,4,11],[0,8,1,11],[3,0,3,11],[5,0,6,0],[5,1,6,1],[5,2,6,2],[5,3,6,3],[5,4,6,4],[5,5,6,5],[5,6,5,7],[5,8,6,8],[5,9,6,9],[5,10,6,10],[5,11,6,11]]}
[null,null,null,null,null,null,null,null,"Budjet jarayonining ochiqligini ta’minlash maqsadida rasmiy veb-saytlarda ma’lumotlarni joylashtirish tartibi to‘g‘risidagi nizomga \n5-ILOVA "]
[]
[]
["2025-yil 1-aprel xolatiga Navoiy viloyat adliya boshqarmasi tomonidan kam baholi va tez eskiruvchi buyumlar xarid qilish uchun o‘tkazilgan tanlovlar (tendyerlar) va amalga oshirilgan davlat xaridlari to‘g‘risidagi"]
["MA’LUMOTLAR"]
["T/r","Hisobot davri","Xarid qilingan tovarlar va xizmatlar nomi","Moliyalashtirish manbasi*","Xarid jarayonini amalga oshirish turi","Lot/shartnoma raqami","Pudratchi to‘g‘risida ma’lumotlar",null,"Xarid qilinayotgan tovarlar (xizmatlar) o‘lchov birligi (imkoniyat darajasida)","Xarid qilinayotgan tovarlar (xizmatlar) miqdori (hajmi)","Bitim (shartnoma) bo‘yicha tovarlar (xizmatlar) bir birligi narxi (tarifi)","Xarid qilingan tovarlar (xizmatlar) jami miqdori (hajmi) qiymati \n(ming so‘m)\n"]
[null,null,null,null,null,null,"Pudratchi nomi","Korxona STIRi"]
[1,"1-chorak","Tabiiy gaz","budjet","Yagona etkazib beruvchi","№213042072/1  Lot251100103701360","HUDUDGAZTA`MINOT AJ",306605769,"м^3",3000,1800,{"$f":"+K8*J8","v":5400000}]
[{"$f":"+A8+1","v":2},null,"Ichimlik suvi","budjet","Yagona etkazib beruvchi","№G`az0013  Lot251100103749514","Навоий сув таминот МЧЖ",300024824,"м^3",253,7280,{"$f":"+K9*J9","v":1841840}]
[{"$f":"+A9+1","v":3},null,"Elektron hujjat aylantirish tizimi","budjet","Yagona etkazib beruvchi","№12833-2025/IJRO  Lot251100103704339","UNICON-SOFT МЧЖ",305109680,"xizmat",12,267600,{"$f":"+K10*J10","v":3211200}]
[4,null,"Internet xizmati","budjet","PQ-3953","№12_3507/3340   Lot251100243711553","O`ZBEKTELEKOM AKSIYADORLIK JAMIYATI",203366731,"xizmat",12,3445250,{"$f":"+K11*J11","v":41343000}]
[5,null,"Tabiiy gaz","budjet","Yagona etkazib beruvchi","№213056284/1  Lot251100103730315","HUDUDGAZTA`MINOT AJ",306605769,"м^3",14977,1800,26958600]
[6,null,"Telefon xizmati","budjet","PQ-3953","№160   Lot251100243732543","O`ZBEKTELEKOM AKSIYADORLIK JAMIYATI",203366731,"xizmat",7,170500,1193500]
[7,null,"Telefon xizmati","budjet","PQ-3953","№1918995159   Lot251100243732438","O`ZBEKTELEKOM AKSIYADORLIK JAMIYATI",203366731,"xizmat",9,396000,3564000]
[8,null,"Benzin (92)","budjetdan tashqari","PQ-3953","№63   Lot251100423685084","\"Навоий нефть базаси\"МЧЖ",200002538,"t.",2.97,12721621,{"$f":"+K15*J15","v":37783214.370000005}]
[9,null,"Tabbiy siqilgan gaz (metan)","budjetdan tashqari","PQ-3953","№1   Lot251100423688205","Karmana Alfa GaZ service МЧЖ",302189830,"куб.м",{"$f":"+L16/K16","v":2090},3950,8255500]
[10,null,"Tabbiy siqilgan gaz (metan)","budjetdan tashqari","PQ-3953","№52/25   Lot251100423687585","Мухаммад Али Кувончи МЧЖ",301293237,"куб.м",2090,3800,{"$f":"+K17*J17","v":7942000}]
[11,null,"Tabbiy siqilgan gaz (metan)","budjetdan tashqari","PQ-3953","№28/25TADL  Lot251100423688876","ООО АСКОМЖ-ЗАРАФШОН",305917515,"куб.м",4180,3950,16511000]
[12,null,"Tabbiy siqilgan gaz (metan)","budjetdan tashqari","PQ-3953","№1 - Н?АДЛ   Lot251100423688566","OOO SPUTNIK AVTO SERVIS",301601073,"куб.м",4180,3950,16511000]
[13,null,"Tabbiy siqilgan gaz (metan)","budjetdan tashqari","PQ-3953","№9   Lot241100422470971","Зарафшон Файз Оил МЧЖ",301711048,"куб.м",10450,3950,41277500]
[14,null,"Tabbiy siqilgan gaz (metan)","budjetdan tashqari","PQ-3953","№32/2025-НАДЛ   Lot251100423689060","METAN GAZ NUROTA мчж",302356393,"куб.м",2090,3950,8255500]
[15,null,"Tabbiy siqilgan gaz (metan)","budjetdan tashqari","PQ-3953","№24   Lot251100423689201","Uchquduq oil gaz invest МЧЖ",304966582,"куб.м",2090,3950,{"$f":"+K22*J22","v":8255500}]
[16,null,"Tabbiy siqilgan gaz (metan)","budjetdan tashqari","PQ-3953","№?АДЛ 5   Lot251100423688292","Зарафшон авто газМЧЖ",302025267,"куб.м",2090,3950,8255500]
[17,null,"Maxsus aloqa xizmati","budjetdan tashqari","PQ-3953","№NAV24   Lot241100242480363","Республика махсус алока богламаси ДУК",201440547,"xizmat",12,6500000,{"$f":"+K24*J24","v":78000000}]
[18,null,"Tabiiy gaz","budjetdan tashqari","Yagona etkazib beruvchi","№213080039/1  Lot251100103701337","HUDUDGAZTA`MINOT AJ",306605769,"м^3",5200,1800,{"$f":"+K25*J25","v":9360000}]
[19,null,"Tabiiy gaz","budjetdan tashqari","Yagona etkazib beruvchi","№213032418/1  Lot251100103701471","HUDUDGAZTA`MINOT AJ",306605769,"м^3",10000,1800,{"$f":"+K26*J26","v":18000000}]
[20,null,"Gibrid ochta xizmati","budjetdan tashqari","PQ-3953","№49/25 GIBR   Lot251100103711889","\"O`ZBEKISTON POCHTASI\" АЖ",200833833,"xizmat",12,8000000,{"$f":"+K27*J27","v":96000000}]
[21,null,"Telefon xizmati","budjetdan tashqari","PQ-3953","№41900658   Lot251100243711818","ООО Coscom",201788904,"xizmat",12,400000,{"$f":"+K28*J28","v":4800000}]
[22,null,"Bannerga chop etish xizmati","budjetdan tashqari","Elektron do`kon","№310721885  Lot25311008006872","STROY KOMBINAT MCHJ",310721885,"xizmat",22,45000,{"$f":"+K29*J29","v":990000}]
[23,null,"GPS xizmati","budjetdan tashqari","PQ-3953","№7049/1-U   Lot251100253749711","\"INTERNATIONAL MONITORING GROUP \" МЧЖ",207041571,"xizmat",144,45360,{"$f":"+K30*J30","v":6531840}]
[24,null,"Ichimlik suvi va kanalizasiya","budjetdan tashqari","Yagona etkazib beruvchi","№178  Lot251100103749624","Навоий сув таминот МЧЖ",300024824,"m3",1200,12432,14918400]
[25,null,"Ichimlik suvi va kanalizasiya","budjetdan tashqari","Yagona etkazib beruvchi","№955ADL-25  Lot251100103749729","Навоий сув таминот МЧЖ",300024824,"m3",1380,12432,{"$f":"+K32*J32","v":17156160}]
[26,null,"Qalam","budjetdan tashqari","Elektron do`kon","№2960252  Lot251110083502070","ЁКУБ ДОВУД Маъсулияти Чекланган Жамият",200861450,"dona",20,1299,{"$f":"+K33*J33","v":25980}]
[27,null,"Skrepka","budjetdan tashqari","Elektron do`kon","№2961137  Lot251110083502172","Navoiy Armada МЧЖ",303473446,"dona",20,3500,{"$f":"+K34*J34","v":70000}]
[28,null,"Marker","budjetdan tashqari","Elektron do`kon","№2961270  Lot251110083502255","FOR DISCOVERY FUTURE MCHJ",311266969,"dona",20,12000,{"$f":"+K35*J35","v":240000}]
[29,null,"Stend tayyorlash xizmati","budjetdan tashqari","Elektron do`kon","№2961871  Lot251110083507426","IDEA GRAPHICS OK",306370350,"xizmat",15,50000,{"$f":"+K36*J36","v":750000}]
[30,null,"Ruchka","budjetdan tashqari","Elektron do`kon","№B1068138  Lot25311008007723","ООО AZIZ-LAZIZ GOLDEN GROUP",308396499,"dona",50,3000,{"$f":"+K37*J37","v":150000}]
[31,null,"Bumaga dlya zametok","budjetdan tashqari","Elektron do`kon","№B1068325  Lot25311008009038","Канц-Маркет тижорат корхонаси",204387372,"dona",20,15000,{"$f":"+K38*J38","v":300000}]
[32,null,"Skoba","budjetdan tashqari","Elektron do`kon","№B1068418  Lot25311008009010","HAFELE CO MCHJ",308051113,"dona",20,6000,{"$f":"+K39*J39","v":120000}]
[33,null,"Bannerga chop etish xizmati","budjetdan tashqari","Elektron do`kon","№3026660  Lot251110083579564","IDEA GRAPHICS OK",306370350,"xizmat",48,35000,{"$f":"+K40*J40","v":1680000}]
[34,null,"suyuq sovun","budjetdan tashqari","Elektron do`kon","№B1075988  Lot25311008021673","MAXFRESH MCHJ",310993327,"dona",50,5000,250000]
[35,null,"Parashok","budjetdan tashqari","Elektron do`kon","№B1075990  Lot25311008021679","MAXFRESH MCHJ",310993327,"dona",50,4222,211100]
[36,null,"Toner","budjetdan tashqari","Elektron do`kon","№3030134  Lot251110083584810","YTT TEN DMITRIY SERAFIMOVICH","31910870160024.","dona",20,53000,1060000]
[37,null,"Polovaya tryapka","budjetdan tashqari","Elektron do`kon","№3030180  Lot251110083584856","ООО BOBUR EXCLUSIVE QURILISH",305646687,"dona",100,5450,545000]
[38,null,"Xlor","budjetdan tashqari","Elektron do`kon","№3030189  Lot251110083584869","YTT ULJATAYEV NURKEN NURALI O?G?LI","32807950560021.","dona",50,11800,590000]
[39,null,"Avtotransport vositasini ta'mirlash xizmati","budjetdan tashqari","Elektron do`kon","№3043641  Lot251110083600598","AVTOMASTERTOP MCHJ",310952718,"xizmat",1,4187000,4187000]
[40,null,"Elektr energiya","budjetdan tashqari","Yagona etkazib beruvchi","№54/2580/1 Lot251100103711243","Худудий электр тармоклари АЖ",306350099,"kvt",25500,1000,{"$f":"+K47*J47","v":25500000}]
[41,null,"Elektr energiya","budjetdan tashqari","Yagona etkazib beruvchi","№53/124/1 Lot251100103710119","Худудий электр тармоклари АЖ",306350099,"kvt",66500,1000,{"$f":"+K48*J48","v":66500000}]
[42,null,"Elektr energiya","budjetdan tashqari","Yagona etkazib beruvchi","№22/157/1 Lot251100103711492","Худудий электр тармоклари АЖ",306350099,"kvt",36180,1000,{"$f":"+K49*J49","v":36180000}]
[43,null,"Elektr energiya","budjetdan tashqari","Yagona etkazib beruvchi","№59/41/1 Lot251100103711262","Худудий электр тармоклари АЖ",306350099,"kvt",31000,1000,31000000]
[44,null,"Gaz ballonlarni sinovdan o'tkarish","budjetdan tashqari","Elektron do`kon","№3080435 Lot251110083644207","Х/К Nurafshon kelajak servis 2019",306028884,"kvt",4,379000,{"$f":"+K51*J51","v":1516000}]
[45,null,"Elektr energiya","budjetdan tashqari","Yagona etkazib beruvchi","№54/382 Lot251100103711364","Худудий электр тармоклари АЖ",306350099,"kvt",13500,1000,13500000]
[46,null,"Tabiiy gaz","budjetdan tashqari","Yagona etkazib beruvchi","№213080416/1  Lot251100103718287","HUDUDGAZTA`MINOT AJ",306605769,"м^3",6600,1800,11880000]
[47,null,"Elektr energiya","budjetdan tashqari","Yagona etkazib beruvchi","№52/20 Lot251100103711383","Худудий электр тармоклари АЖ",306350099,"kvt",13500,1000,{"$f":"+K54*J54","v":13500000}]
[48,null,"Elektr energiya","budjetdan tashqari","Yagona etkazib beruvchi","№22/159 Lot251100103711443","Худудий электр тармоклари АЖ",306350099,"kvt",55000,1000,{"$f":"+K55*J55","v":55000000}]
[49,null,"Tabiiy gaz","budjetdan tashqari","Yagona etkazib beruvchi","№213052558/1  Lot251100103718539","HUDUDGAZTA`MINOT AJ",306605769,"м^3",7800,1800,14040000]
[50,null,"Internet xizmati","budjetdan tashqari","PQ-3953","№12_1823/2900   Lot251100243711584","O`ZBEKTELEKOM AKSIYADORLIK JAMIYATI",203366731,"xizmat",12,915000,10980000]
[51,null,"Tabiiy gaz","budjetdan tashqari","Yagona etkazib beruvchi","№2130720070/1  Lot251100103718713","HUDUDGAZTA`MINOT AJ",306605769,"м^3",9100,1800,{"$f":"+K58*J58","v":16380000}]
[52,null,"Telefon xizmati","budjetdan tashqari","PQ-3953","№NAV/B2G-22823185   Lot251100243732519","O`ZBEKTELEKOM AKSIYADORLIK JAMIYATI",203366731,"xizmat",9,94840,853560]
[53,null,"Toner","budjetdan tashqari","Elektron do`kon","№3030120  Lot251110083584797","SHERZOD STATIONERY Мчж",304815209,"dona",50,18000,{"$f":"+K60*J60","v":900000}]
[54,null,"Elektr energiya","budjetdan tashqari","Yagona etkazib beruvchi","№55/26 Lot251100103711471","Худудий электр тармоклари АЖ",306350099,"kvt",61000,1000,{"$f":"+K61*J61","v":61000000}]
[55,null,"Elektr energiya","budjetdan tashqari","Yagona etkazib beruvchi","№51/29 Lot251100103711347","Худудий электр тармоклари АЖ",306350099,"kvt",26000,1000,{"$f":"+K62*J62","v":26000000}]
[56,null,"Elektr energiya","budjetdan tashqari","Yagona etkazib beruvchi","№56/57 Lot251100103711303","Худудий электр тармоклари АЖ",306350099,"kvt",36500,1000,{"$f":"+K63*J63","v":36500000}]
[57,null,"Tabbiy siqilgan gaz (metan)","budjetdan tashqari","PQ-3953","№6/1   Lot251100423688364","Зарафшон авто газМЧЖ",302025267,"куб.м",1650,3950,6517500]
[58,null,"Tabbiy siqilgan gaz (metan)","budjetdan tashqari","PQ-3953","№53/25/1   Lot251100423688171","Мухаммад Али Кувончи МЧЖ",301293237,"куб.м",1650,3800,6270000]
[59,null,"Tabbiy siqilgan gaz (metan)","budjetdan tashqari","PQ-3953","№8/1   Lot251100423688632","Зарафшон Файз Оил МЧЖ",301711048,"куб.м",1650,3950,6517500]
[60,null,"Tabbiy siqilgan gaz (metan)","budjetdan tashqari","PQ-3953","№2/1   Lot251100423688244","Karmana Alfa GaZ service МЧЖ",302189830,"куб.м",1650,3950,6517500]
[61,null,"Tabbiy siqilgan gaz (metan)","budjetdan tashqari","PQ-3953","№2/1   Lot251100423688397","ZARAFSHON GLASS МЧЖ",305063535,"куб.м",1650,3950,6517500]
[62,null,"Tabbiy siqilgan gaz (metan)","budjetdan tashqari","PQ-3953","№2/1   Lot251100423688464","OOO SPUTNIK AVTO SERVIS",301601073,"куб.м",3300,3950,13035000]
[63,null,"Elektr energiya","budjetdan tashqari","Yagona etkazib beruvchi","№58/21 Lot251100103711431","Худудий электр тармоклари АЖ",306350099,"kvt",43500,1000,{"$f":"+K70*J70","v":43500000}]
[64,null,"Elektr energiya","budjetdan tashqari","Yagona etkazib beruvchi","№52/21 Lot251100103711279","Худудий электр тармоклари АЖ",306350099,"kvt",30000,1000,30000000]
[65,null,"Elektr energiya","budjetdan tashqari","Yagona etkazib beruvchi","№52/8 Lot251100103711455","Худудий электр тармоклари АЖ",306350099,"kvt",49500,1000,49500000]
[66,null,"Elektr energiya","budjetdan tashqari","Yagona etkazib beruvchi","№22/158 Lot251100103711323","Худудий электр тармоклари АЖ",306350099,"kvt",69000,1000,69000000]
[67,null,"Elektr energiya","budjetdan tashqari","Yagona etkazib beruvchi","№57/17 Lot251100103711409","Худудий электр тармоклари АЖ",306350099,"kvt",86000,1000,86000000]
[68,null,"Tabbiy siqilgan gaz (metan)","budjetdan tashqari","PQ-3953","№29/25/DXM/1  Lot251100423688781","ООО АСКОМЖ-ЗАРАФШОН",305917515,"куб.м",1650,3950,6517500]
[69,null,"Tabbiy siqilgan gaz (metan)","budjetdan tashqari","PQ-3953","№НДХМ/1   Lot251100423688970","METAN GAZ NUROTA мчж",302356393,"куб.м",1650,3950,6517500]
[70,null,"Tabbiy siqilgan gaz (metan)","budjetdan tashqari","PQ-3953","№25/1   Lot251100423689297","Uchquduq oil gaz invest МЧЖ",304966582,"куб.м",1650,3950,6517500]
[71,null,"Tabiiy gaz","budjetdan tashqari","Yagona etkazib beruvchi","№213013410/1  Lot251100103718464","HUDUDGAZTA`MINOT AJ",306605769,"м^3",14000,1800,25200000]
[72,null,"Tabiiy gaz","budjetdan tashqari","Yagona etkazib beruvchi","№213051715/1  Lot251100103718609","HUDUDGAZTA`MINOT AJ",306605769,"м^3",17000,1800,{"$f":"+K79*J79","v":30600000}]
[73,null,"Tabiiy gaz","budjetdan tashqari","Yagona etkazib beruvchi","№2130720074/1  Lot251100103718400","HUDUDGAZTA`MINOT AJ",306605769,"м^3",3600,1800,{"$f":"+K80*J80","v":6480000}]
[74,null,"Internet xizmati","budjetdan tashqari","PQ-3953","№NAV/B2B SME-20856929   Lot251100243711573","O`ZBEKTELEKOM AKSIYADORLIK JAMIYATI",203366731,"xizmat",12,7245000,86940000]
[75,null,"Telefon xizmati","budjetdan tashqari","PQ-3953","№699   Lot251100243732487","O`ZBEKTELEKOM AKSIYADORLIK JAMIYATI",203366731,"xizmat",12,475190,5702280]
[76,null,"Perfovirovonnaya bumaga","budjetdan tashqari","Elektron do`kon","№3030108  Lot251110083584781","SHERZOD STATIONERY Мчж",304815209,"dona",100,35000,{"$f":"+K83*J83","v":3500000}]
[77,null,"Maslo matornoye","budjetdan tashqari","Elektron do`kon","№3037760  Lot251110083593777","MATORMARKET MCHJ",310679859,"dona",80,61000,{"$f":"+K84*J84","v":4880000}]
[78,null,"JPS xizmati","budjetdan tashqari","PQ-3953","№70/0125   Lot251101123908805","NAVOIY AKT AVTOMATIKA МЧЖ",304521187,"xizmat",180,45360,{"$f":"+K85*J85","v":8164800}]
[79,null,"Karta flesh pamyati","budjetdan tashqari","Elektron do`kon","№3072335  Lot251110083634851","BUNTECH MCHJ",311848433,"dona",3000,13950,{"$f":"+K86*J86","v":41850000}]
[80,null,"Avtotransportni ta'mirlash xizmati","budjetdan tashqari","Elektron do`kon","№3074712  Lot251110083637567","AVTO-SERVIS-222 MCHJ",309898370,"xizmat",1,5915000,{"$f":"+K87*J87","v":5915000}]
[81,null," 2025y obuna ","budjetdan tashqari","PQ-3953","№NV-25/01  Lot251100363725311","АДОЛАТ нашриёти ДК",201453166,"xizmat",430,375000,161250000]
[82,null,"Bannerga chop etish xizmati","budjetdan tashqari","Milliy do'kon","№2939058  Lot251110083474013","Ходжиев Намозбек Ниёзович ЯТТ",453447741,"xizmat",15,150000,{"$f":"+K89*J89","v":2250000}]
[83,null,"Qalam","budjetdan tashqari","Elektron do`kon","№2953810  Lot251110083494456","ООО KANS MIR NAVOIY",308067400,"dona",210,900,{"$f":"+K90*J90","v":189000}]
[84,null,"Ruchka","budjetdan tashqari","Elektron do`kon","№B1067483  Lot25311008007735","ООО AZIZ-LAZIZ GOLDEN GROUP",308396499,"dona",550,3000,{"$f":"+K91*J91","v":1650000}]
[85,null,"kley","budjetdan tashqari","Elektron do`kon","№B1067498  Lot25311008007848","ООО AZIZ-LAZIZ GOLDEN GROUP",308396499,"dona",195,10500,{"$f":"+K92*J92","v":2047500}]
[86,null,"Marker","budjetdan tashqari","Elektron do`kon","№2954083  Lot251110083494791","ООО MY OFFICE STATIONERY",307048170,"dona",200,8625,{"$f":"+K93*J93","v":1725000}]
[87,null,"Skrepka","budjetdan tashqari","Elektron do`kon","№2954218  Lot251110083494932","OOOPOWER MAX GROUP",303055063,"dona",210,3472,{"$f":"+K94*J94","v":729120}]
[88,null,"Skrepka","budjetdan tashqari","Elektron do`kon","№B1067549  Lot25311008007856","Канц-Маркет тижорат корхонаси",204387372,"dona",210,18000,{"$f":"+K95*J95","v":3780000}]
[89,null,"Bumaga dlya zametok","budjetdan tashqari","Elektron do`kon","№B1067552  Lot25311008007900","Канц-Маркет тижорат корхонаси",204387372,"dona",105,18000,{"$f":"+K96*J96","v":1890000}]
[90,null,"Ichimlik suvi","budjetdan tashqari","Yagona etkazib beruvchi","№26x Lot251100103757135","Навоий сув таминот МЧЖ",300024824,"м^3",120,7280,873600]
[91,null,"Ichimlik suvi va kanalizasiya","budjetdan tashqari","Yagona etkazib beruvchi","№955FHD-25  Lot251100103757385","Навоий сув таминот МЧЖ",300024824,"m3",360,12432,4475520]
[92,null,"Ichimlik suvi va kanalizasiya","budjetdan tashqari","Yagona etkazib beruvchi","№955-DXM-25  Lot251100103757310","Навоий сув таминот МЧЖ",300024824,"m3",1440,12432,{"$f":"+K99*J99","v":17902080}]
[93,null,"Ichimlik suvi va kanalizasiya","budjetdan tashqari","Yagona etkazib beruvchi","№02/31  Lot251100103757025","Навоий сув таминот МЧЖ",300024824,"m3",165,12432,{"$f":"+K100*J100","v":2051280}]
[94,null,"Ichimlik suvi","budjetdan tashqari","Yagona etkazib beruvchi","№35-Q-2025 Lot251100103756869","Навоий сув таминот МЧЖ",300024824,"м^3",330,7280,2402400]
[95,null,"Skoba","budjetdan tashqari","Elektron do`kon","№B1067695  Lot25311008007853","HAFELE CO MCHJ",308051113,"dona",210,3777,793170]
[96,null,"Ichimlik suvi","budjetdan tashqari","Yagona etkazib beruvchi","№25/42 Lot251100103756695","Навоий сув таминот МЧЖ",300024824,"м^3",300,7280,{"$f":"+K103*J103","v":2184000}]
[97,null,"Ichimlik suvi","budjetdan tashqari","Yagona etkazib beruvchi","№25/24 Lot251100103756765","Навоий сув таминот МЧЖ",300024824,"м^3",365,7280,{"$f":"+K104*J104","v":2657200}]
[98,null,"Mebel tamirlash xizmati","budjetdan tashqari","Elektron do`kon","№3004184  Lot251110083554790","Навоий вил. Формула уютамчж",301183666,"xizmat",1,2560000,2560000]
[99,null,"Mebel tamirlash xizmati","budjetdan tashqari","Elektron do`kon","№3004186  Lot251110083554794","Навоий вил. Формула уютамчж",301183666,"xizmat",1,1600000,{"$f":"+K106*J106","v":1600000}]
[100,null,"Mebel tamirlash xizmati","budjetdan tashqari","Elektron do`kon","№3004169  Lot251110083554772","Навоий вил. Формула уютамчж",301183666,"xizmat",1,2240000,2240000]
[101,null,"Maslo matornoye","budjetdan tashqari","Elektron do`kon","№3037752  Lot251110083593763","MATORMARKET MCHJ",310679859,"dona",120,61000,{"$f":"+K108*J108","v":7320000}]
[102,null,"Temir stoyka tayyorlash xizmati","budjetdan tashqari","Elektron do`kon","№3051009  Lot251110083609414","NAVOIY KADASTR MCHJ",305607402,"xizmat",8,400000,{"$f":"+K109*J109","v":3200000}]